Responses for Show #3839 - Thursday, April 19, 2001

Contestants

[<< previous game]

Shane Hockins, an immigration attorney originally from Windber, Pennsylvania

Ashley Ward, an actress originally from Conyers, Georgia

Darrell Hagler, a graduate teaching assistant from Tuscaloosa, Alabama

[next game >>]

Jeopardy! Round responses

GLOBAL NUMBERS
OLD HAT
'60s STUFF
MOLDY OLDIES
(Alex: You have to name the artist.)
COFFEE BREAK
FOREIGN WORDS & PHRASES
    $100 7
0

Darrell
    $100 17
(Alex: Oh my gosh, one of our writers again!)

the Roman Empire

Shane
    $100 23
touch-tone (push-button)

Shane
    $100 1
The Monkees

Shane
    $100 16
Christmas

Darrell
    $100 2
hara-kiri (seppuku)

Ashley
    $200 8
90

Shane
    $200 19
the Civil War

Shane
    $200 24
(Alex: Minute to go.)

Sprite

Shane
    $200 3
Frankie Valli & The Four Seasons

Darrell
    $200 18
caffeine

Darrell
    $200 12
Yenta

Shane
    $300 9
0

Shane
    $300 28
(Alex: Although I don't think they wear the hats with the little pom-poms anymore!)

Flamenco

Triple Stumper
    $1,000 25
(Alex: They wanted to protect their own butter industry.)

Wisconsin

Shane
    $300 4
Herman's Hermits

Ashley
    $300 20
Starbucks

Ashley
    $300 13
kung fu

Triple Stumper
    $400 10
1 (Mount Everest)

Shane
    $400 29
the Soviet Union

Shane
    $400 26
the Peter Principle

Shane
    $400 5
The Everly Brothers

Ashley
    $400 21
Indonesia

Shane
    $400 14
guerrilla

Shane
    $500 11
2 (Antarctica & Australia)

Darrell
    $500 30
Masons

Shane
    $500 27
the Houston Astrodome

Triple Stumper
    $500 6
(Ashley: Who is Bobby Darin?)

Bobby Vinton

DarrellAshley
    $500 22
demitasse

Shane
    $500 15
coup de grace

Shane

Scores at the first commercial break (after clue 15):

Darrell Ashley Shane
$1,300 $300 $2,100

Scores at the end of the Jeopardy! Round:

Darrell Ashley Shane
$1,600 $600 $5,900

Double Jeopardy! Round responses

THE SKIPPER
(Alex: We will name a ship in literature; you have to name the skipper.)
THE MILLIONAIRE
HIS WIFE
THE MOVIE STAR
AND THE "REST"
HERE ON GILLIGAN'S ISLE
    $200 12
Captain Ahab

Darrell
    $200 26
Donald Trump

Darrell
    $200 21
Keith Richards

Ashley
    $200 1
Nude scene

Shane
    $200 6
The Young and the Restless

Ashley
    $200 11
S.S. Minnow

Shane
    $400 13
Captain Bligh

Darrell
    $400 27
Mark Cuban

Darrell
    $400 22
(Shane: Who is Jim Bakker?)
...
(Alex: Minute to go, Ashley.)

Harold McPherson

Shane
Triple Stumper
    $400 2
starlet

Shane
    $400 7
Restoration

Shane
    $400 14
"Little Buddy"

Darrell
    $600 18
Captain Nemo

Darrell
    $600 28
[The end-of-round signal sounds.]

John D. Rockefeller

Triple Stumper
    $1,000 23
Jackie Kennedy

Ashley
    $600 3
(Darrell: What is Wendy's?)

Chasen's Restaurant (in Beverly Hills)

Darrell
Triple Stumper
    $600 8
Alice's Restaurant

Ashley
    $600 15
Mrs. Howell

Ashley
    $1,000 19
(Darrell: Who is Caine?)

Captain Queeg

Darrell
    $800 24
(Shane: What is Child?)

Mary (Leakey)

Shane
Triple Stumper
    $800 4
Creative Artists Agency

Shane
    $800 9
cardiac arrest

Darrell
    $800 16
the Harlem Globetrotters

Shane
    $1000 20
Captain Wolf Larsen

Triple Stumper
    $1000 25
David Mamet

Ashley
    $1000 5
a junket

Ashley
    $1000 10
a restraining order

Ashley
    $1000 17
Russell Johnson

Triple Stumper

Scores at the end of the Double Jeopardy! Round:

Darrell Ashley Shane
$3,000 $6,200 $7,500

[wagering suggestions for these scores]

Final Jeopardy! Round responses

U.S. CITIES
(Alex: He sent the message, "What Hath God Wrought", from Washington to Baltimore; he wasn't in Baltimore.)
DarrellWhat is Baltimore?
$300
AshleyWhat is New York City?
$2,000
ShaneWhat is Baltimore, MD
$4,905
Washington, D.C.

Final scores:

Darrell Ashley Shane
$2,700 $4,200 $2,595
2nd place: a trip to Sandals Royal Bahamian Resort & Spa New champion: $4,200 3rd place: a Natural Wonders gift certificate

Game dynamics:

Coryat scores:

Darrell Ashley Shane
$4,000 $5,800 $6,800
13 R,
2 W
(including 1 DD)
12 R
(including 1 DD),
1 W
23 R
(including 1 DD),
2 W

Combined Coryat: $16,600

[game clues] [game scores] [suggest correction]

Game tape date: 2001-01-31
The J! Archive is created by fans, for fans. Scraping, republication, monetization, and malicious use prohibited; this site may use cookies and collect identifying information. See terms. The Jeopardy! game show and all elements thereof, including but not limited to copyright and trademark thereto, are the property of Jeopardy Productions, Inc. and are protected under law. This website is not affiliated with, sponsored by, or operated by Jeopardy Productions, Inc. Join the discussion at JBoard.tv.